| 000 | 02351nam a22004577a 4500 | ||
|---|---|---|---|
| 003 | AR-RoUNA | ||
| 005 | 20260527082847.0 | ||
| 008 | 260520b |||||||| |||| 00| 0 spa d | ||
| 020 | _a9781638401810 | ||
| 040 |
_aAR-RoUNA _bspa _dAR-RoUNA |
||
| 041 | _heng | ||
| 044 | _aag | ||
| 245 | 1 | 0 |
_aThe ReView : _bCommon Good / _ceditora Patricia Fraile Garrido _n 3 |
| 260 |
_aNew York : _b Actar Publishers, _c2024 |
||
| 300 |
_a441 p.: _bfot. col. _c24x18 cm |
||
| 505 | 0 | _tCONTENIDO | |
| 505 | 0 | _tDean TuSABE: Iñaki Alday / Prefacio. p. 8 | |
| 505 | 0 | _tPatricia Fraile Garrido / Introducción. p. 10 | |
| 505 | 0 | _t1 / La historia y el patrimonio como bien común. p. 18 | |
| 505 | 0 | _t2 / Desarrollo para el bien común. p. 42 | |
| 505 | 0 | _t3 / La vida comunitaria como bien común. p. 56 | |
| 505 | 0 | _t4 / Las redes comunitarias como bien común. p. 104 | |
| 505 | 0 | _t5 / La creatividad como bien común. p. 126 | |
| 505 | 0 | _t6 / Adaptación climática para el bien común. p. 168 | |
| 505 | 0 | _t7 / Tecnología hacerla un bien común. p. 204 | |
| 505 | 0 | _t8 / El diálogo como bien común. p. 266 | |
| 505 | 0 | _t9 / Mississippi como bien común. p. 294 | |
| 505 | 0 | _t10 / El agua como bien común. p. 306 | |
| 505 | 0 | _t11 / El paisaje y el territorio como bien común. p. 320 | |
| 505 | 0 | _t12 / El contexto y el lugar como bien común. p. 352 | |
| 505 | 0 | _t13 / Las infraestructuras como bien común. p. 380 | |
| 505 | 0 | _t14 / La representación y las narrativas como bien común. p..394 | |
| 520 | 3 | _a«ReView: Common Good» es una invitación a repensar cómo diseñamos, construimos y enseñamos al servicio de algo superior a nosotros mismos. En la Escuela de Arquitectura y Entorno Construido de Tulane, creemos que el entorno construido es más que estructuras y espacios; es la expresión física de nuestros valores compartidos, nuestras aspiraciones y nuestras responsabilidades mutuas. Este libro entrelaza voces de diversas disciplinas —arquitectura, diseño, conservación, paisajismo, bienes raíces e innovación social— para explorar las múltiples dimensiones del bien común. | |
| 650 | 4 | _aArquitectura | |
| 650 | 4 | _aDiseño | |
| 650 | 4 | _aPaisajismo | |
| 653 | _aInnovación social | ||
| 942 | _2udc | ||
| 945 | _d2026-05-20 | ||
| 980 |
_61 _aMaricel Allasia _85 _gMaría Machado |
||
| 999 |
_c12420 _d12420 |
||